000 00660nam a2200289Ia 4500
005 20260324135707.0
008 008 260324s9999 xx 000 0 eng d
020 _a9780203645611
037 _aEBOOK
040 _aCRL
040 _beng
040 _cCRL
041 _2eng
041 _aeng
084 _qCRL
100 _aNeil J. Melvin
_91201548
245 0 _aUzbekistan
245 0 _bTransition to Authoritarianism
260 _bTaylor and Francis
260 _c2000
365 _a
365 _b230
856 _uhttp://www.taylorfrancis.com/books/9780203645611
942 _cEBOOK
999 _c1802912
_d1802912